| 000 | 00381nam a2200145Ia 4500 | ||
|---|---|---|---|
| 008 | 260319s9999 xx 000 0 und d | ||
| 020 | _a9.7893859989e+012 | ||
| 082 |
_a621.319 _bCON/B |
||
| 100 | _aConstantinovici,L D | ||
| 245 | 0 | _aBasic Circuit Analysis for Electrical Engineering | |
| 250 | _a1st Ed. | ||
| 260 |
_aNew Delhi _bMedtech _c2017 |
||
| 300 | _a240p. | ||
| 942 | _cBK | ||
| 999 |
_c50833 _d50833 |
||